000
00374nam a22001577a 4500
003
MPLRDC
005
20220104125221.0
008
210129b ||||| |||| 00| 0 eng d
082
_a
857.9 QH-26 v.1
100
_a
秦红
245
_a
恨恨谷. 一
_c
260
_a
_b
文康印刷出版公司
_c
300
_b
平
650
_a
武侠小说
942
_c
BK
_o
857.9 QH-26 v.1
999
_c
25595
_d
25585